000 00987nam a22002531 4500
001 177287
003 ES-MaACL
005 20250815121257.0
008 110314s1973 sp af ||||0| spa d
080 _a74 Opisso, Ricard
100 1 _aOpisso, Ricard.
_9145624
245 1 0 _aDibujos de Opisso /
_cpor Jaime Sunyer.
250 _a2ª ed.
260 _aMadrid :
_bIbérico Europea de Ediciones,
_c1973.
300 _a[24] p. :
_bprincipalmente il. bl. y n. ;
_c31 cm.
490 1 _aMaestros contemporáneos del dibujo y la pintura ;
_v1
500 _aEncuadernado con otros títulos.
597 _aEn el lomo: Opisso, Mateos, Vázquez Díaz, Joaquín Peinado, Monell, F. Iturrino, Redondela, Colmeiro, Cecilio Pla, Martínez Ortiz.
600 1 4 _aOpisso, Ricard.
_9145624
700 1 _aSunyer, Jaime.
_9145625
830 0 0 _aMaestros contemporáneos del dibujo y la pintura
_v1
_9190405
852 _aES-MaACL
_jE-14686 (1)
_xOlim P-1071
999 _c177287
_d177287